[Event "European Team-ch 2007"]
[Site "Crete GRE"]
[Date "2007.11.04"]
[Round "7.7"]
[White "Van Den Doel, Erik"]
[Black "Hracek, Zbynek"]
[Result "1/2-1/2"]
[WhiteElo "2593"]
[BlackElo "2598"]
[PlyCount "59"]
[EventDate "2007.10.28"]
[EventType "team"]
[EventRounds "9"]
[EventCountry "GRE"]
[Source "lmi"]
[SourceDate "2007.10.28"]
[WhiteTeam "Netherlands"]
[BlackTeam "Czech Republic"]
[WhiteTeamCountry "NED"]
[BlackTeamCountry "CZE"]

1. e4 e5 2. Nf3 Nc6 3. Bb5 a6 4. Ba4 Nf6 5. O-O Be7 6. Re1 b5 7. Bb3 O-O 8. d4
d6 9. c3 Bg4 10. d5 Na5 11. Bc2 Qc8 12. Nbd2 c6 13. b4 Nb7 14. dxc6 Qxc6 15.
Bb2 Nd8 16. Nf1 Ne6 17. Ne3 Bh5 18. Nf5 Rfe8 19. Bb3 Rad8 20. a4 Bf8 21. Ng3
Bg6 22. Qc2 Rc8 23. Rad1 Qb7 24. Qb1 h6 25. Nh4 Bh7 26. Nhf5 Rcd8 27. Qa2 Nf4
28. c4 Bxf5 29. Nxf5 Nxe4 30. Ne3 1/2-1/2

[Event "European Team-ch 2007"]
[Site "Crete GRE"]
[Date "2007.11.04"]
[Round "7.7"]
[White "Babula, Vlastimil"]
[Black "L'ami, Erwin"]
[Result "1-0"]
[WhiteElo "2596"]
[BlackElo "2577"]
[PlyCount "87"]
[EventDate "2007.10.28"]
[EventType "team"]
[EventRounds "9"]
[EventCountry "GRE"]
[Source "lmi"]
[SourceDate "2007.10.28"]
[WhiteTeam "Czech Republic"]
[BlackTeam "Netherlands"]
[WhiteTeamCountry "CZE"]
[BlackTeamCountry "NED"]

1. d4 Nf6 2. c4 g6 3. Nc3 d5 4. Nf3 Bg7 5. Qb3 dxc4 6. Qxc4 O-O 7. e4 Bg4 8.
Be3 Nfd7 9. Qb3 c5 10. d5 Na6 11. Be2 Qb6 12. Qxb6 axb6 13. a3 Nc7 14. O-O f5
15. exf5 Rxf5 16. Rfe1 Bxc3 17. bxc3 Nxd5 18. Bd2 Bxf3 19. Bxf3 Rxf3 20. gxf3
c4 21. Re4 b5 22. Rb1 Ra5 23. a4 Nc5 24. Re5 e6 25. Rxb5 Rxb5 26. axb5 Kf7 27.
Be3 Nd7 28. Re4 Nxc3 29. Rxc4 Nxb5 30. Rb4 Nc3 31. Rxb7 Ke7 32. Bc5+ Ke8 33.
Ba3 Nd5 34. Kf1 h5 35. Bd6 Ne7 36. Bxe7 Kxe7 37. f4 Kd6 38. Ke2 e5 39. Kf3 e4+
40. Ke3 Ke6 41. h3 Nf6 42. Rb6+ Kf5 43. Rb5+ Ke6 44. Kd4 1-0

[Event "European Team-ch 2007"]
[Site "Crete GRE"]
[Date "2007.11.04"]
[Round "7.8"]
[White "Stefansson, Hannes"]
[Black "Almasi, Zoltan"]
[Result "1/2-1/2"]
[WhiteElo "2574"]
[BlackElo "2691"]
[PlyCount "72"]
[EventDate "2007.10.28"]
[EventType "team"]
[EventRounds "9"]
[EventCountry "GRE"]
[Source "lmi"]
[SourceDate "2007.10.28"]
[WhiteTeam "Iceland"]
[BlackTeam "Hungary"]
[WhiteTeamCountry "ISL"]
[BlackTeamCountry "HUN"]

1. e4 e5 2. Nf3 Nc6 3. Bb5 a6 4. Ba4 Nf6 5. O-O Be7 6. Re1 b5 7. Bb3 d6 8. c3
O-O 9. h3 Na5 10. Bc2 c5 11. d4 Qc7 12. Nbd2 cxd4 13. cxd4 Rd8 14. b3 Nc6 15.
Bb2 Qb6 16. a3 exd4 17. b4 Bb7 18. Nb3 d5 19. e5 Ne4 20. Qd3 Rac8 21. Re2 Bf8
22. Nbxd4 Ne7 23. Nb3 Ng6 24. Bd4 Qe6 25. Qe3 Qf5 26. Nc5 Bxc5 27. Bxc5 Nf4 28.
Rd2 Ne6 29. Rad1 Qh5 30. Bxe4 dxe4 31. Rxd8+ Nxd8 32. Qg5 Qxg5 33. Nxg5 h6 34.
Bb6 hxg5 35. Rxd8+ Rxd8 36. Bxd8 g4 1/2-1/2

[Event "European Team-ch 2007"]
[Site "Crete GRE"]
[Date "2007.11.04"]
[Round "7.8"]
[White "Gyimesi, Zoltan"]
[Black "Steingrimsson, Hedinn"]
[Result "1/2-1/2"]
[WhiteElo "2610"]
[BlackElo "2533"]
[PlyCount "75"]
[EventDate "2007.10.28"]
[EventType "team"]
[EventRounds "9"]
[EventCountry "GRE"]
[Source "lmi"]
[SourceDate "2007.10.28"]
[WhiteTeam "Hungary"]
[BlackTeam "Iceland"]
[WhiteTeamCountry "HUN"]
[BlackTeamCountry "ISL"]

1. d4 Nf6 2. c4 e6 3. Nf3 d5 4. Nc3 c6 5. Bg5 h6 6. Bxf6 Qxf6 7. e3 Nd7 8. Bd3
dxc4 9. Bxc4 g6 10. O-O Bg7 11. Qc2 O-O 12. Bb3 Rd8 13. Rac1 Qe7 14. Ne4 e5 15.
Ng3 Kf8 16. h4 exd4 17. exd4 Nb6 18. h5 g5 19. Rfe1 Qf6 20. Ne5 Nd5 21. Ne4 Qe7
22. Nc3 Be6 23. Nxd5 cxd5 24. Qh7 Qf6 25. Rc7 Rac8 26. Ng6+ fxg6 27. Rxe6 Qxd4
28. Rxc8 Rxc8 29. Re1 Qd2 30. Rf1 Rc1 31. Qxg6 Rxf1+ 32. Kxf1 Qc1+ 33. Ke2
Qxb2+ 34. Kf1 Qa1+ 35. Ke2 Qe5+ 36. Kf1 Qa1+ 37. Ke2 Qe5+ 38. Kf1 1/2-1/2

[Event "European Team-ch 2007"]
[Site "Crete GRE"]
[Date "2007.11.04"]
[Round "7.8"]
[White "Danielsen, Henrik"]
[Black "Balogh, Csaba"]
[Result "1/2-1/2"]
[WhiteElo "2491"]
[BlackElo "2561"]
[PlyCount "50"]
[EventDate "2007.10.28"]
[EventType "team"]
[EventRounds "9"]
[EventCountry "GRE"]
[Source "lmi"]
[SourceDate "2007.10.28"]
[WhiteTeam "Iceland"]
[BlackTeam "Hungary"]
[WhiteTeamCountry "ISL"]
[BlackTeamCountry "HUN"]

1. d4 Nf6 2. c4 e6 3. Nf3 b6 4. g3 Bb7 5. Bg2 Be7 6. O-O O-O 7. d5 Na6 8. Nd4
exd5 9. Nf5 c6 10. cxd5 cxd5 11. Nc3 Nc7 12. Bf4 d6 13. Rc1 Re8 14. Ne3 Rc8 15.
Re1 Qd7 16. Qd3 Ne6 17. Ncxd5 Nxd5 18. Nxd5 Bxd5 19. Qxd5 Nxf4 20. gxf4 Bf6 21.
Rxc8 Rxc8 22. Qd2 g6 23. Rc1 Rc5 24. Bf3 Qe6 25. b3 Rxc1+ 1/2-1/2

[Event "European Team-ch 2007"]
[Site "Crete GRE"]
[Date "2007.11.04"]
[Round "7.8"]
[White "Ruck, Robert"]
[Black "Kristjansson, Stefan"]
[Result "1-0"]
[WhiteElo "2561"]
[BlackElo "2458"]
[PlyCount "97"]
[EventDate "2007.10.28"]
[EventType "team"]
[EventRounds "9"]
[EventCountry "GRE"]
[Source "lmi"]
[SourceDate "2007.10.28"]
[WhiteTeam "Hungary"]
[BlackTeam "Iceland"]
[WhiteTeamCountry "HUN"]
[BlackTeamCountry "ISL"]

1. Nf3 Nf6 2. c4 e6 3. Nc3 Bb4 4. Qc2 O-O 5. a3 Bxc3 6. Qxc3 d6 7. b4 a5 8. Bb2
e5 9. e3 Bg4 10. h3 Bh5 11. d3 axb4 12. axb4 Rxa1+ 13. Bxa1 Nbd7 14. Be2 Qe7
15. O-O Ra8 16. Bb2 h6 17. Ra1 Qd8 18. Rxa8 Qxa8 19. Qb3 c5 20. b5 Bg6 21. Nd2
Qa7 22. Bc3 Bf5 23. g4 Bh7 24. Qb2 Ne8 25. f4 exf4 26. exf4 f5 27. Nf1 fxg4 28.
hxg4 b6 29. Ng3 Qc7 30. Qd2 Bg6 31. Bf3 Ndf6 32. Qe3 Kf8 33. g5 hxg5 34. fxg5
Ng8 35. Bd5 Bf7 36. Qf4 g6 37. Ne4 Qd7 38. Bc6 Qf5 39. Bd2 Ne7 40. Bxe8 Bxe8
41. Nxd6 Qxf4 42. Bxf4 Bd7 43. Kf2 Bh3 44. Be5 Be6 45. Ke3 Nf5+ 46. Nxf5 Bxf5
47. Bc7 Ke7 48. Bxb6 Kd6 49. d4 1-0

[Event "European Team-ch 2007"]
[Site "Crete GRE"]
[Date "2007.11.04"]
[Round "7.9"]
[White "Georgiev, Vladimir"]
[Black "Ivanisevic, Ivan"]
[Result "0-1"]
[WhiteElo "2576"]
[BlackElo "2607"]
[PlyCount "82"]
[EventDate "2007.10.28"]
[EventType "team"]
[EventRounds "9"]
[EventCountry "GRE"]
[Source "lmi"]
[SourceDate "2007.10.28"]
[WhiteTeam "Former Yugoslav Republic of Macedonia"]
[BlackTeam "SRB"]
[WhiteTeamCountry "FRM"]

1. d4 Nf6 2. c4 e6 3. g3 c5 4. d5 exd5 5. cxd5 d6 6. Nf3 g6 7. Nc3 Bg7 8. Bg2
O-O 9. O-O Re8 10. Bf4 Na6 11. Re1 Bg4 12. h3 Bxf3 13. Bxf3 Nd7 14. Bg2 Ne5 15.
Ne4 b5 16. g4 Nc7 17. Bg5 f6 18. Bh4 Qe7 19. Nxc5 dxc5 20. d6 Qf8 21. dxc7 Rac8
22. Qb3+ c4 23. Qxb5 Rxc7 24. Rad1 Kh8 25. Bg3 f5 26. f4 Nf7 27. gxf5 gxf5 28.
Bf2 Nh6 29. Rd5 Rb8 30. Qa5 Qe7 31. Red1 Rg8 32. Bc5 Qf7 33. Rd8 Bxb2 34. Rxg8+
Nxg8 35. Bd6 Rc8 36. Rd5 Nf6 37. Rxf5 Qe6 38. Bb4 Bd4+ 39. Kh2 Qe3 40. Bd6 Qg1+
41. Kg3 Ne4+ 0-1

[Event "European Team-ch 2007"]
[Site "Crete GRE"]
[Date "2007.11.04"]
[Round "7.9"]
[White "Nedev, Trajce"]
[Black "Markus, Robert"]
[Result "1/2-1/2"]
[WhiteElo "2528"]
[BlackElo "2586"]
[PlyCount "119"]
[EventDate "2007.10.28"]
[EventType "team"]
[EventRounds "9"]
[EventCountry "GRE"]
[Source "lmi"]
[SourceDate "2007.10.28"]
[WhiteTeam "Former Yugoslav Republic of Macedonia"]
[BlackTeam "SRB"]
[WhiteTeamCountry "FRM"]

1. e4 c5 2. Nf3 e6 3. Nc3 Nc6 4. d4 cxd4 5. Nxd4 Qc7 6. Be3 Nf6 7. Bd3 Nxd4 8.
Bxd4 Bc5 9. Bxc5 Qxc5 10. Qd2 O-O 11. O-O d6 12. Kh1 Bd7 13. Rae1 Bc6 14. f4
Nd7 15. a3 a5 16. Re3 b5 17. Rg3 b4 18. axb4 axb4 19. Ne2 f5 20. exf5 exf5 21.
c3 bxc3 22. Qxc3 Qxc3 23. Nxc3 Rab8 24. Bc4+ Kh8 25. b3 Nc5 26. Nd5 Rfe8 27.
Re3 Re4 28. Rfe1 g6 29. Rxe4 Nxe4 30. Kg1 Bxd5 31. Bxd5 Nc3 32. Bf7 Kg7 33. Re3
Nd1 34. Re1 Kxf7 35. Rxd1 Ke6 36. Rd3 Rb4 37. g3 d5 38. Kf2 d4 39. Rd1 Kd5 40.
Rb1 Ke4 41. Ke2 d3+ 42. Kd2 Kd4 43. Ra1 Rxb3 44. Ra4+ Kd5 45. Ke3 Rb2 46. Rd4+
Kc5 47. Rxd3 Rxh2 48. Rd7 Kc6 49. Ra7 Kd5 50. Kf3 Kd4 51. Rd7+ Kc3 52. Ra7 Kd4
53. Rd7+ Kc5 54. Ra7 Kd6 55. Rb7 Ke6 56. Ra7 Kf6 57. Rb7 h5 58. Rh7 Rd2 59. Ra7
Rd6 60. Rb7 1/2-1/2

[Event "European Team-ch 2007"]
[Site "Crete GRE"]
[Date "2007.11.04"]
[Round "7.9"]
[White "Sedlak, Nikola"]
[Black "Stanojoski, Zvonko"]
[Result "0-1"]
[WhiteElo "2605"]
[BlackElo "2467"]
[PlyCount "98"]
[EventDate "2007.10.28"]
[EventType "team"]
[EventRounds "9"]
[EventCountry "GRE"]
[Source "lmi"]
[SourceDate "2007.10.28"]
[WhiteTeam "SRB"]
[BlackTeam "Former Yugoslav Republic of Macedonia"]
[BlackTeamCountry "FRM"]

1. d4 Nf6 2. c4 c5 3. d5 b5 4. Qc2 bxc4 5. e4 d6 6. Bxc4 g6 7. Nf3 Bg7 8. O-O
O-O 9. Nbd2 Nfd7 10. Rb1 Nb6 11. b3 Na6 12. a3 Nc7 13. Bb2 f6 14. b4 cxb4 15.
axb4 Bd7 16. Rfc1 Nxc4 17. Nxc4 Nb5 18. Qd2 a6 19. Qe3 e5 20. dxe6 Bxe6 21. Na5
Qd7 22. Rd1 Bg4 23. h3 Bxf3 24. Qxf3 Qe6 25. Re1 Rac8 26. Re2 Rc7 27. Rbe1 Rfc8
28. Qe3 f5 29. Bxg7 Kxg7 30. Qb6 f4 31. e5 Rc1 32. Qb7+ Kh6 33. Qf3 g5 34. Qb3
d5 35. Qb2 Nc3 36. Nb3 Nxe2+ 37. Qxe2 Rxe1+ 38. Qxe1 Re8 39. Qe2 Kg7 40. Nc5
Qxe5 41. Qg4 h6 42. Qd7+ Re7 43. Qd8 Rf7 44. Qb6 f3 45. gxf3 Qf6 46. Ne6+ Kh7
47. f4 gxf4 48. Qxa6 Qg6+ 49. Kf1 f3 0-1

[Event "European Team-ch 2007"]
[Site "Crete GRE"]
[Date "2007.11.04"]
[Round "7.10"]
[White "Adams, Michael"]
[Black "Naiditsch, Arkadij"]
[Result "1/2-1/2"]
[WhiteElo "2729"]
[BlackElo "2639"]
[PlyCount "101"]
[EventDate "2007.10.28"]
[EventType "team"]
[EventRounds "9"]
[EventCountry "GRE"]
[Source "lmi"]
[SourceDate "2007.10.28"]
[WhiteTeam "England"]
[BlackTeam "Germany"]
[WhiteTeamCountry "ENG"]
[BlackTeamCountry "GER"]

1. e4 e5 2. Nf3 Nc6 3. Bb5 a6 4. Ba4 Nf6 5. O-O Bc5 6. c3 b5 7. Bb3 d6 8. d3
O-O 9. Re1 h6 10. Nbd2 Bb6 11. Nf1 Ne7 12. Be3 c5 13. h3 Ng6 14. Ng3 d5 15.
exd5 Nxd5 16. Bd2 Re8 17. d4 c4 18. Bc2 exd4 19. Rxe8+ Qxe8 20. Nxd4 Qe5 21.
Qf3 Nh4 22. Qe4 Qxe4 23. Bxe4 Bb7 24. a4 b4 25. Nf3 Nxf3+ 26. Bxf3 bxc3 27.
Bxc3 Rb8 28. Bxd5 Bxd5 29. Nf5 Re8 30. Rd1 Bb7 31. Rd7 Ba8 32. a5 Rd8 33. Re7
Bc5 34. Rc7 Bf8 35. Ne3 Be4 36. Ra7 Bc5 37. Re7 Bxe3 38. fxe3 Bd5 39. Kf2 Rd6
40. g4 Rc6 41. Rd7 Be6 42. Rd8+ Kh7 43. Kg3 f6 44. e4 Kg6 45. Kf4 h5 46. Rb8
hxg4 47. hxg4 Bc8 48. e5 Kf7 49. exf6 gxf6 50. Rb4 Ke6 51. Rb6 1/2-1/2

[Event "European Team-ch 2007"]
[Site "Crete GRE"]
[Date "2007.11.04"]
[Round "7.10"]
[White "Gustafsson, Jan"]
[Black "Pert, Nicholas"]
[Result "1/2-1/2"]
[WhiteElo "2606"]
[BlackElo "2539"]
[PlyCount "49"]
[EventDate "2007.10.28"]
[EventType "team"]
[EventRounds "9"]
[EventCountry "GRE"]
[Source "lmi"]
[SourceDate "2007.10.28"]
[WhiteTeam "Germany"]
[BlackTeam "England"]
[WhiteTeamCountry "GER"]
[BlackTeamCountry "ENG"]

1. d4 d5 2. c4 c6 3. Nf3 Nf6 4. e3 Bg4 5. Nc3 e6 6. h3 Bxf3 7. Qxf3 Nbd7 8. Bd2
Bb4 9. Bd3 O-O 10. a3 dxc4 11. Bxc4 Bd6 12. O-O e5 13. Qf5 Qe7 14. dxe5 Bxe5
15. Qc2 Rad8 16. Rad1 Bb8 17. Be2 Nc5 18. b4 Nce4 19. Nxe4 Nxe4 20. Bc1 Qc7 21.
f4 Ng3 22. Rxd8 Rxd8 23. Rd1 Nxe2+ 24. Qxe2 Rxd1+ 25. Qxd1 1/2-1/2

[Event "European Team-ch 2007"]
[Site "Crete GRE"]
[Date "2007.11.04"]
[Round "7.10"]
[White "Hebden, Mark L"]
[Black "Buhmann, Rainer"]
[Result "1-0"]
[WhiteElo "2542"]
[BlackElo "2567"]
[PlyCount "95"]
[EventDate "2007.10.28"]
[EventType "team"]
[EventRounds "9"]
[EventCountry "GRE"]
[Source "lmi"]
[SourceDate "2007.10.28"]
[WhiteTeam "England"]
[BlackTeam "Germany"]
[WhiteTeamCountry "ENG"]
[BlackTeamCountry "GER"]

1. d4 d5 2. c4 e6 3. Nf3 Nf6 4. Bg5 h6 5. Bxf6 Qxf6 6. Nc3 c6 7. e3 Nd7 8. Bd3
dxc4 9. Bxc4 g6 10. O-O Bg7 11. Qc2 O-O 12. Rad1 b6 13. e4 Bb7 14. e5 Qe7 15.
Rfe1 b5 16. Bd3 c5 17. Be4 Bxe4 18. Rxe4 cxd4 19. Nxb5 Rfc8 20. Qe2 Rc5 21.
Nbxd4 Rac8 22. g3 Nb6 23. Nb5 Rc2 24. Rd2 Rxd2 25. Qxd2 Qc5 26. Nd6 Qc1+ 27.
Kg2 Qxd2 28. Nxd2 Rc2 29. N2c4 Bf8 30. Nxb6 axb6 31. Rb4 Rc6 32. Rc4 Rxc4 33.
Nxc4 Bc5 34. b4 Bd4 35. f4 Kf8 36. g4 Ke7 37. Kf3 Bg1 38. h3 g5 39. fxg5 hxg5
40. Ke4 Bf2 41. a4 Kd7 42. a5 bxa5 43. bxa5 Bc5 44. a6 Kc6 45. Nd6 Kb6 46. Nxf7
Be7 47. Nd6 Kxa6 48. Kd4 1-0

[Event "European Team-ch 2007"]
[Site "Crete GRE"]
[Date "2007.11.04"]
[Round "7.10"]
[White "Baramidze, David"]
[Black "Conquest, Stuart C"]
[Result "1/2-1/2"]
[WhiteElo "2569"]
[BlackElo "2540"]
[PlyCount "55"]
[EventDate "2007.10.28"]
[EventType "team"]
[EventRounds "9"]
[EventCountry "GRE"]
[Source "lmi"]
[SourceDate "2007.10.28"]
[WhiteTeam "Germany"]
[BlackTeam "England"]
[WhiteTeamCountry "GER"]
[BlackTeamCountry "ENG"]

1. e4 c5 2. Nf3 g6 3. d4 Bg7 4. c3 cxd4 5. cxd4 d5 6. e5 Bg4 7. Qb3 Qd7 8. Nc3
Bxf3 9. gxf3 Nc6 10. Be3 Nh6 11. Rc1 O-O 12. Qxd5 Qxd5 13. Nxd5 Nf5 14. Bh3
Nfxd4 15. Nxe7+ Nxe7 16. Bxd4 Rfd8 17. Rc7 Rxd4 18. Rxe7 Rh4 19. Bg2 Rb4 20. f4
Rxf4 21. O-O Kf8 22. Rxb7 Bxe5 23. b3 Bd4 24. Rxf7+ Kxf7 25. Bxa8 Kf6 26. h3
Bb6 27. Rd1 Bxf2+ 28. Kg2 1/2-1/2

[Event "European Team-ch 2007"]
[Site "Crete GRE"]
[Date "2007.11.04"]
[Round "7.11"]
[White "Sepp, Olav"]
[Black "Halkias, Stelios"]
[Result "1/2-1/2"]
[WhiteElo "2457"]
[BlackElo "2590"]
[PlyCount "57"]
[EventDate "2007.10.28"]
[EventType "team"]
[EventRounds "9"]
[EventCountry "GRE"]
[Source "lmi"]
[SourceDate "2007.10.28"]
[WhiteTeam "Estonia"]
[BlackTeam "Greece"]
[WhiteTeamCountry "EST"]
[BlackTeamCountry "GRE"]

1. e4 c5 2. Nf3 e6 3. d3 Nc6 4. g3 Bd6 5. Bg2 Nge7 6. O-O Bc7 7. Be3 b6 8. d4
cxd4 9. Nxd4 Ba6 10. Re1 O-O 11. Nc3 Nxd4 12. Qxd4 d6 13. a4 Qd7 14. Qd1 Rac8
15. Qh5 Bb7 16. Rad1 Bb8 17. Bd4 Qe8 18. Qg4 e5 19. Be3 Rxc3 20. bxc3 Qxa4 21.
Bg5 Bc8 22. Qe2 f6 23. Bc1 Be6 24. Bb2 Rc8 25. Bf1 Rc5 26. Ra1 Qc6 27. Qd2 Nc8
28. Bd3 a5 29. Ba3 1/2-1/2

[Event "European Team-ch 2007"]
[Site "Crete GRE"]
[Date "2007.11.04"]
[Round "7.11"]
[White "Banikas, Hristos"]
[Black "Lauk, Ular"]
[Result "1-0"]
[WhiteElo "2591"]
[BlackElo "2414"]
[PlyCount "119"]
[EventDate "2007.10.28"]
[EventType "team"]
[EventRounds "9"]
[EventCountry "GRE"]
[Source "lmi"]
[SourceDate "2007.10.28"]
[WhiteTeam "Greece"]
[BlackTeam "Estonia"]
[WhiteTeamCountry "GRE"]
[BlackTeamCountry "EST"]

1. d4 Nf6 2. Nf3 d6 3. c4 Nbd7 4. Nc3 e5 5. e4 Be7 6. Be2 O-O 7. O-O c6 8. Rb1
a6 9. Re1 Re8 10. Bf1 b5 11. b4 Bf8 12. Bg5 Bb7 13. d5 cxd5 14. cxd5 h6 15. Bd2
Nb6 16. a4 bxa4 17. Nxa4 Nxa4 18. Qxa4 Nd7 19. g3 f5 20. exf5 Bxd5 21. Nh4 Nf6
22. Rbd1 Qb6 23. Bxh6 Qc6 24. Qxc6 Bxc6 25. Bd2 d5 26. Rc1 Bb5 27. Bg2 Rad8 28.
Ng6 Bd6 29. h3 Bd3 30. g4 e4 31. Bf1 Bxf1 32. Kxf1 d4 33. Rc4 Bb8 34. Nf4 e3
35. fxe3 Ne4 36. Bc1 d3 37. Ne6 Ng3+ 38. Kg2 d2 39. Bxd2 Rxd2+ 40. Kf3 Rh2 41.
Rec1 Rxh3 42. Ng5 Nxf5+ 43. Nxh3 Rxe3+ 44. Kf2 Rxh3 45. Rc8+ Kh7 46. Rxb8 Ne3
47. Rg1 Nd5 48. Rd1 Nf6 49. Rd4 Kg6 50. Rb7 Ra3 51. Ra7 Ra2+ 52. Ke3 Ra3+ 53.
Kf4 Ra1 54. Kf3 Ra3+ 55. Ke2 Ra2+ 56. Kd3 Ra1 57. Kc4 Rc1+ 58. Kb3 Rc6 59. Ka4
Ne8 60. Ka5 1-0

[Event "European Team-ch 2007"]
[Site "Crete GRE"]
[Date "2007.11.04"]
[Round "7.11"]
[White "Liiva, Riho"]
[Black "Mastrovasilis, Dimitrios"]
[Result "1/2-1/2"]
[WhiteElo "2442"]
[BlackElo "2559"]
[PlyCount "86"]
[EventDate "2007.10.28"]
[EventType "team"]
[EventRounds "9"]
[EventCountry "GRE"]
[Source "lmi"]
[SourceDate "2007.10.28"]
[WhiteTeam "Estonia"]
[BlackTeam "Greece"]
[WhiteTeamCountry "EST"]
[BlackTeamCountry "GRE"]

1. e4 c5 2. Nf3 e6 3. c3 Nf6 4. e5 Nd5 5. Bc4 d6 6. d4 cxd4 7. cxd4 Nb6 8. Bb3
dxe5 9. dxe5 Qxd1+ 10. Bxd1 Na6 11. O-O Bd7 12. Be2 Nd5 13. Bxa6 bxa6 14. Bd2
Be7 15. Rc1 Rc8 16. Nc3 Nb6 17. Be3 Bc6 18. Bxb6 axb6 19. Ne4 O-O 20. Nd6 Bxd6
21. exd6 f6 22. Nd2 Bd5 23. d7 Rcd8 24. Nc4 Bxc4 25. Rxc4 Rxd7 26. Rc6 Rfd8 27.
Kf1 Rd2 28. Rxb6 Rc2 29. Kg1 Rdd2 30. Rf1 a5 31. Rb5 Rd5 32. Rxd5 exd5 33. Rb1
d4 34. Kf1 d3 35. Ke1 Re2+ 36. Kf1 Kf7 37. a3 Rc2 38. b4 a4 39. b5 Rc3 40. b6
d2 41. Rd1 Rxa3 42. Rxd2 Rb3 43. Rd7+ Kg6 1/2-1/2

[Event "European Team-ch 2007"]
[Site "Crete GRE"]
[Date "2007.11.04"]
[Round "7.12"]
[White "Sulskis, Sarunas"]
[Black "Berg, Emanuel"]
[Result "1-0"]
[WhiteElo "2527"]
[BlackElo "2593"]
[PlyCount "103"]
[EventDate "2007.10.28"]
[EventType "team"]
[EventRounds "9"]
[EventCountry "GRE"]
[Source "lmi"]
[SourceDate "2007.10.28"]
[WhiteTeam "Lithuania"]
[BlackTeam "Sweden"]
[WhiteTeamCountry "LTU"]
[BlackTeamCountry "SWE"]

1. e4 c5 2. Nf3 d6 3. d4 cxd4 4. Nxd4 Nf6 5. Nc3 a6 6. Be3 e5 7. Nf3 Be7 8. Bc4
O-O 9. O-O Be6 10. Bxe6 fxe6 11. Na4 Ng4 12. Qd3 b5 13. Nb6 Nxe3 14. Qxe3 Ra7
15. Nd5 Rb7 16. Qd3 Nd7 17. Nxe7+ Qxe7 18. Rfd1 Rb6 19. b4 Nf6 20. a4 d5 21.
Qe3 d4 22. Qg5 bxa4 23. Qxe5 Qxb4 24. h3 a3 25. Kh2 Qb2 26. Rdb1 Qxb1 27. Rxb1
Rxb1 28. Qxe6+ Kh8 29. Qxa6 Nxe4 30. Qxa3 Rbb8 31. Qd3 Rfe8 32. Qxd4 Rbd8 33.
Qb6 Rb8 34. Qd4 Rbd8 35. Qa7 Ra8 36. Qd7 h6 37. Nh4 Nf6 38. Qf5 Kg8 39. Ng6
Rad8 40. Ne5 Rd2 41. c4 Ra8 42. c5 Raa2 43. c6 Rac2 44. Nc4 Re2 45. Qd3 Ne8 46.
Ne3 Rcd2 47. Qc4+ Kf8 48. Qf4+ Ke7 49. c7 Nd6 50. Nf5+ Nxf5 51. c8=Q Rxf2 52.
Qe5+ 1-0

[Event "European Team-ch 2007"]
[Site "Crete GRE"]
[Date "2007.11.04"]
[Round "7.12"]
[White "Agrest, Evgenij"]
[Black "Rozentalis, Eduardas"]
[Result "1/2-1/2"]
[WhiteElo "2541"]
[BlackElo "2581"]
[PlyCount "67"]
[EventDate "2007.10.28"]
[EventType "team"]
[EventRounds "9"]
[EventCountry "GRE"]
[Source "lmi"]
[SourceDate "2007.10.28"]
[WhiteTeam "Sweden"]
[BlackTeam "Lithuania"]
[WhiteTeamCountry "SWE"]
[BlackTeamCountry "LTU"]

1. d4 Nf6 2. Nf3 e6 3. c4 b6 4. g3 Bb7 5. Bg2 Be7 6. O-O O-O 7. d5 exd5 8. Nh4
c6 9. cxd5 cxd5 10. Nc3 Na6 11. Nf5 Nc7 12. Bf4 d6 13. Re1 Re8 14. Rc1 Bf8 15.
Ne3 Rc8 16. Qa4 Ba8 17. Rcd1 h6 18. Nexd5 Ncxd5 19. Nxd5 Bxd5 20. Bxd5 Nxd5 21.
Rxd5 Qc7 22. Qb5 Re6 23. Qd3 Qe7 24. Bd2 Rc5 25. Rd4 g6 26. b4 Rc8 27. e3 Bg7
28. Rc4 Rxc4 29. Qxc4 d5 30. Qc8+ Kh7 31. Rc1 Be5 32. Rc6 Rxc6 33. Qxc6 Qe6 34.
Qc2 1/2-1/2

[Event "European Team-ch 2007"]
[Site "Crete GRE"]
[Date "2007.11.04"]
[Round "7.12"]
[White "Kveinys, Aloyzas"]
[Black "Cicak, Slavko"]
[Result "0-1"]
[WhiteElo "2517"]
[BlackElo "2569"]
[PlyCount "64"]
[EventDate "2007.10.28"]
[EventType "team"]
[EventRounds "9"]
[EventCountry "GRE"]
[Source "lmi"]
[SourceDate "2007.10.28"]
[WhiteTeam "Lithuania"]
[BlackTeam "Sweden"]
[WhiteTeamCountry "LTU"]
[BlackTeamCountry "SWE"]

1. d4 Nf6 2. c4 c5 3. d5 a6 4. f3 e6 5. e4 d6 6. Bd3 Nbd7 7. Nc3 exd5 8. exd5
Ne5 9. Nge2 g6 10. O-O Bg7 11. Ng3 Nxd3 12. Qxd3 O-O 13. a4 Nd7 14. b3 Ne5 15.
Qc2 h5 16. a5 h4 17. Nge4 Bf5 18. Bd2 Re8 19. h3 Nd7 20. Qd1 Bd4+ 21. Kh1 Nf6
22. Bg5 Nxe4 23. Nxe4 f6 24. Bxh4 Bxe4 25. fxe4 Rxe4 26. g4 Qe7 27. Ra2 Re3 28.
Rf3 Qe4 29. Kg2 f5 30. Bg3 fxg4 31. hxg4 Rf8 32. Raf2 Rfxf3 0-1

[Event "European Team-ch 2007"]
[Site "Crete GRE"]
[Date "2007.11.04"]
[Round "7.12"]
[White "Carlsson, Pontus"]
[Black "Malisauskas, Vidmantas"]
[Result "1/2-1/2"]
[WhiteElo "2481"]
[BlackElo "2495"]
[PlyCount "43"]
[EventDate "2007.10.28"]
[EventType "team"]
[EventRounds "9"]
[EventCountry "GRE"]
[Source "lmi"]
[SourceDate "2007.10.28"]
[WhiteTeam "Sweden"]
[BlackTeam "Lithuania"]
[WhiteTeamCountry "SWE"]
[BlackTeamCountry "LTU"]

1. e4 c5 2. Nf3 d6 3. d4 cxd4 4. Nxd4 Nf6 5. Nc3 a6 6. Bg5 e6 7. f4 Qb6 8. Qd2
Qxb2 9. Rb1 Qa3 10. e5 h6 11. Bh4 g5 12. fxg5 dxe5 13. Bb5+ Nbd7 14. Nxe6 fxe6
15. gxf6 axb5 16. f7+ Kxf7 17. O-O+ Ke8 18. Qd3 Be7 19. Nxb5 Qxd3 20. Nc7+ Kd8
21. Nxe6+ Ke8 22. Nc7+ 1/2-1/2

[Event "European Team-ch 2007"]
[Site "Crete GRE"]
[Date "2007.11.04"]
[Round "7.13"]
[White "Nevednichy, Vladislav"]
[Black "Jobava, Baadur"]
[Result "0-1"]
[WhiteElo "2531"]
[BlackElo "2644"]
[PlyCount "96"]
[EventDate "2007.10.28"]
[EventType "team"]
[EventRounds "9"]
[EventCountry "GRE"]
[Source "lmi"]
[SourceDate "2007.10.28"]
[WhiteTeam "Romania"]
[BlackTeam "Georgia"]
[WhiteTeamCountry "ROM"]
[BlackTeamCountry "GEO"]

1. e4 c6 2. d4 d5 3. e5 Bf5 4. c4 e6 5. Nc3 Ne7 6. Nge2 dxc4 7. Ng3 b5 8. a4 b4
9. Na2 b3 10. Nc3 Bc2 11. Qd2 Nd5 12. Bxc4 Nd7 13. O-O N7b6 14. Be2 a5 15. Nh5
Rb8 16. Qe1 g6 17. Ng3 Bb4 18. Bd2 Nxc3 19. bxc3 Be7 20. Bc1 Nxa4 21. Rxa4 b2
22. Bxb2 Bxa4 23. Qa1 O-O 24. Ba3 Bxa3 25. Qxa3 Bc2 26. Bf3 Rb1 27. Rxb1 Bxb1
28. Bxc6 Qb6 29. Ba4 Rc8 30. Bd7 Rc7 31. Ba4 Rc4 32. h4 Qc7 33. h5 Rxc3 34. Qb2
Bc2 35. Bxc2 Rxc2 36. Qb5 Qd8 37. h6 Rc1+ 38. Nf1 Rc8 39. Ne3 Rc1+ 40. Nf1 Rd1
41. g3 Rxd4 42. Ne3 a4 43. Qc5 Re4 44. Qc6 Rb4 45. Kg2 Qf8 46. Nc2 Rb2 47. Qxa4
Qxh6 48. Nd4 Qf8 0-1